000 00919nam a2200301 a 4500
003 AR-BaBNM
005 20251128210322.0
008 082120s2002 ||||||||||||||000 | spa||
040 _cAR-BaBNM
110 2 _aCarnegie Commission on Higher Education
245 0 0 _aA digest of reports of the Carnegie Commission on higher education
260 _aNew York
_bCarnegie Foundation for the Advancement of Teaching
_c1974
300 _aix, 399 p.
650 4 _aUNIVERSIDADES
650 4 _aOBJETIVOS EDUCACIONALES
650 4 _aCURRICULO
650 4 _aACTIVIDADES FUERA DE PROGRAMA
650 4 _aPROGRAMAS DE ESTUDIOS
650 4 _aEDUCACION DE LA MUJER
650 4 _aREFORMA DE LA EDUCACION
651 4 _aEstados Unidos
653 _aEDUCACION SUPERIOR
653 _aINSTITUCIONES EDUCATIVAS
653 _aGESTION UNIVERSITARIA
653 _aPOLITICAS UNIVERSITARIAS
942 _cBK
998 _cRaquel
999 _c14933
_d14933